Tardes americanas : gobierno gentil y católico, breve y particular noticia de toda la historia indiana /
Esta obra examina la epoca prehispánica de México principalmente, y llega hasta la Colonia. Está escrita en forma de diálogo entre un indígena muy cultivado y un español ignorante de la historia mexicana. Se presenta como un diálogo cordial, que tiene una intención muy clara: mostrar que la conviven...
Uloženo v:
| Hlavní autor: | |
|---|---|
| Další autoři: | |
| Médium: | Kniha |
| Jazyk: | španělština |
| Vydáno: |
México :
UNAM, Coordinación de Humanidades : Miguel Angel Porrúa,
1987, c1987
|
| Edice: | (Biblioteca Mexicana de Escritores Políticos)
|
| Témata: | |
| Tagy: |
Žádné tagy, Buďte první, kdo vytvoří štítek k tomuto záznamu!
|
MARC
| LEADER | 00000nam^a2200000^a^4500 | ||
|---|---|---|---|
| 001 | 000283205 | ||
| 005 | 20250521000000.0 | ||
| 009 | 20260310111628.666 | ||
| 020 | |a 968-842-087-5 | ||
| 037 | |a Acervo ITESO - Biblioteca | ||
| 041 | |a ESP | ||
| 082 | |a 972. 01 |b GRA | ||
| 100 | |a Granados y Gálvez, José Joaquín |e (autor) | ||
| 245 | 1 | 0 | |a Tardes americanas : |b gobierno gentil y católico, breve y particular noticia de toda la historia indiana / |c J.J. Granados y Gálvez ; pról. de H. Labastida. |
| 264 | 4 | |a México : |b UNAM, Coordinación de Humanidades : |b Miguel Angel Porrúa, |c 1987, c1987 | |
| 300 | |a LXXIV, 564 p. | ||
| 336 | |a texto |b txt |2 rdacontenido | ||
| 337 | |a sin mediación |b n |2 rdamedio | ||
| 338 | |a volumen |b nc |2 rdasoporte | ||
| 440 | 1 | |a (Biblioteca Mexicana de Escritores Políticos) | |
| 520 | |a Esta obra examina la epoca prehispánica de México principalmente, y llega hasta la Colonia. Está escrita en forma de diálogo entre un indígena muy cultivado y un español ignorante de la historia mexicana. Se presenta como un diálogo cordial, que tiene una intención muy clara: mostrar que la convivencia pacífica de indígenas y blancos bajo el gobierno católico español era perfectamente posible y deseable. En la primera parte se hace una apología de los indígenas en cuanto personas y creadores de cultura y sistemas de gobierno. En la segunda se revisan algunos aspectos de la Colonia, como el gobierno católico y la administración civil. | ||
| 534 | |a Reproducción facsimilar de la edición original de 1778, publicada por la Nueva Imprenta Matritense de don Felipe de Zúñiga y Ontiveros en la ciudad de México | ||
| 649 | |a XX | ||
| 650 | |a Indígenas de México - |x Historia | ||
| 650 | |a Política - |z México - |x Historia | ||
| 650 | |a México - |x Historia - |y Epoca Prehispánica - |x Tema Principal | ||
| 650 | |a México - |x Historia - |y Epoca Colonial, 1517-1821 - |x Tema Principal | ||
| 700 | |a Labastida, Horacio |e (prólogo) | ||
| 910 | |a Fondo General | ||
| 920 | |a Impresos - Libros | ||
| 930 | |a Colección General | ||
| 905 | |a 101 | ||
| 901 | |a 0500169252 |b IT1 |c ACC |u 20250521 | ||
| 902 | |a https://opac.biblio.iteso.mx/vufind/Record/000283205 | ||